书目信息 |
| 题名: |
观念的冒险
|
|
| 作者: | 怀特海 著 ;周邦宪 译 | |
| 分册: | ||
| 出版信息: | 贵阳 贵州人民出版社 2007 |
|
| 页数: | 300页 | |
| 开本: | 23cm | |
| 丛书名: | “现代社会与人”名著译丛 | |
| 单 册: | ||
| 中图分类: | B561.52 | |
| 科图分类: | ||
| 主题词: | 哲学理论--英国--现代 , 哲学理论 | |
| 电子资源: | ||
| ISBN: | 978-7-221-05251-3 | |
| 000 | 01008oam2 2200289 450 | |
| 001 | 1131598231 | |
| 005 | 20111004084724.68 | |
| 010 | @a978-7-221-05251-3@dCNY39.00 | |
| 100 | @a20070327d2007 em y0chiy50 ea | |
| 101 | 1 | @achi@ceng |
| 102 | @aCN@b520000 | |
| 105 | @ay z 000yy | |
| 200 | 1 | @a观念的冒险@9guan nian de mao xian@dAdventures of ideas@f(美)A. N. 怀特海(A. N. Whitehead)著@g周邦宪译@zeng |
| 205 | @a2版 | |
| 210 | @a贵阳@c贵州人民出版社@d2007 | |
| 215 | @a300页@d23cm | |
| 225 | 2 | @a“现代社会与人”名著译丛 |
| 330 | @a本书主要是对社会学、哲学、宇宙论等在加速人类通往文明的缓慢进程中产生影响的一些观念进行思辨的构架。 | |
| 461 | 0 | @12001 @a“现代社会与人”名著译丛 |
| 510 | 1 | @aAdventures of ideas@zeng |
| 606 | 0 | @a哲学理论@y英国@z现代 |
| 606 | 0 | @a哲学理论 |
| 690 | @aB561.52@v4 | |
| 701 | 0 | @c(英)@a怀特海@9huai te hai@c(Whitehead, Alfred North@f1861~1947)@4著 |
| 702 | 0 | @a周邦宪@9zhou bang xian@4译 |
| 801 | 0 | @aCN@b91MARC@c20101222 |
| 905 | @a10447@dB561.52@eJY114 | |
| 观念的冒险=Adventures of ideas/(美)A. N. 怀特海(A. N. Whitehead)著/周邦宪译.-2版.-贵阳:贵州人民出版社,2007 |
| 300页;23cm.-(“现代社会与人”名著译丛) |
| ISBN 978-7-221-05251-3:CNY39.00 |
| 本书主要是对社会学、哲学、宇宙论等在加速人类通往文明的缓慢进程中产生影响的一些观念进行思辨的构架。 |
| ● |
| 相关链接 |
|
|
|
|
正题名:观念的冒险
索取号:B561.52/JY114
 
预约/预借
| 序号 | 登录号 | 条形码 | 馆藏地/架位号 | 状态 | 备注 |
| 1 | 7809859 | 278098595 | 学院路分馆/ [索取号:B561.52/JY114] | 在馆 | |
| 2 | 7809860 | 278098602 | 学院路分馆/ [索取号:B561.52/JY114] | 在馆 |